Statistics for Major Events in the 21st Century #3

Click here to take the quiz!

General Stats

  • This quiz has been taken 13 times
  • The average score is 5 of 20

Answers on the Map

Answers color-coded by a green-red scale on the quiz's map according to % correct below.
 

Answer Stats

Answer% Correct
2021/02
60%
2010/01
50%
2017/06
50%
2004/03
40%
2001/04
30%
2002/10
30%
2007/12
30%
2008/05
30%
2011/07
30%
2014/06
30%
2018/03
30%
2020/08
30%
2012/07
10%
2014/04
10%
2015/07
10%
2019/01
10%
2019/04
10%
2013/01
0%
2016/12
0%
2019/10
0%

Score Distribution

Percentile by Number Answered

Percent of People with Each Score

Your Score History

You have not taken this quiz